| 000 | 01111nam a22002777a 4500 | ||
|---|---|---|---|
| 001 | BD-DhSAU 9155 | ||
| 003 | BD-DhSAU | ||
| 005 | 20181208112731.0 | ||
| 008 | 150613b2009 bg a|||| m||| 00| 0 eng d | ||
| 040 | _aBD-DhSAU | ||
| 082 |
_222 _a630 _bUd2 |
||
| 100 |
_aUddin, Mohammad Amaj _eRegistration # 00770 |
||
| 245 |
_aInfluence of nitrogen and plant spacing on growth and yield of boro rice / _bMS thesis _cMohammad Amaj Uddin, |
||
| 260 |
_aSher-e-Bangla Agricultural Uniersity : _bDepartment of Agronomy, _c2009. |
||
| 300 |
_axi 73p. : _bill. ; _c29 cm. |
||
| 500 | _aMS thesis of Department of Agronomy , Faculty of Agriculture, Sher-e-Bangla Agricultural University, Dhaka, Bangladesh | ||
| 504 | _aIncludes bibliographical reference. | ||
| 590 | _aerfat | ||
| 650 | _aAgronomy | ||
| 650 | _aInfluence of nitrogen | ||
| 650 | _aplant spacing on growth and yield of boro rice | ||
| 700 |
_aBiswas, Parimal Kanti _eSuperviser |
||
| 700 |
_eCo-superviser _a Ali, Md Hazrat |
||
| 856 | _uhttp://archive.saulibrary.edu.bd:8080/xmlui/handle/123456789/1473 | ||
| 942 |
_2ddc _cTHESIS |
||
| 999 |
_c9155 _d9155 |
||